De padre a Padre : (Registro nro. 13234)
[ vista simple ]
| 000 -LIDER | |
|---|---|
| fixed length control field | 00358nam a22001337a 4500 |
| 003 - IDENTIFICACDOR DE NÚMERO DE CONTROL | |
| control field | DO-SdBNP |
| 005 - DATE AND TIME OF LATEST TRANSACTION | |
| control field | 20171201111356.0 |
| 008 - ELEMENTOS DE LONGITUD FIJA | |
| fixed length control field | 171201b rd||||| |||| 00| 0 spa d |
| 040 ## - FUENTE DE CATALOGACIÓN | |
| Agencia que crea de manera original el registro | BPMSU |
| Idioma de catalogación | spa |
| Agencia que realiza la transcripción | BPMSU |
| 245 10 - MENCIÓN DE TITULO | |
| Título | De padre a Padre : |
| Subtítulo | te toca a ti detener las drogas |
| 300 ## - DESCRIPCIÓN FÍSICA | |
| Extensión | 14 p. |
| Dimensiones | 22 cm |
| 942 ## - ADDED ENTRY ELEMENTS (KOHA) | |
| Source of classification or shelving scheme | Dewey Decimal Classification |
| Koha item type | Libros |
| 945 ## - INFORMACIÓN DE PROCESAMIENTO LOCAL | |
| Información de procesamiento local | inventariado dominicano / DG |
| Withdrawn status | Lost status | Source of classification or shelving scheme | Damaged status | Not for loan | Collection code | Home library | Current library | Date acquired | Source of acquisition | Total Checkouts | Barcode | Date last seen | Price effective from | Koha item type |
|---|---|---|---|---|---|---|---|---|---|---|---|---|---|---|
| Dewey Decimal Classification | Colección Dominicana | Biblioteca Pública Metropolitana Salomé Ureña | Biblioteca Pública Metropolitana Salomé Ureña | 12/01/2017 | Donado | BPMSU17120012 | 12/01/2017 | 12/01/2017 | Libros |